[Event "Fagernes op"]
[Site "Fagernes"]
[Date "2020.10.06"]
[Round "3"]
[White "Overbo, Jon Holtan"]
[Black "Selvik, Elma"]
[Result "1-0"]
[WhiteElo "1455"]
[BlackElo "1384"]
[PlyCount "45"]
[EventDate "2020.10.04"]
[EventType "swiss"]
[EventRounds "9"]
[EventCountry "NOR"]
[SourceTitle "EXT 2024"]
[Source "ChessBase"]
[SourceDate "2023.10.10"]
[SourceVersion "1"]
[SourceVersionDate "2023.10.10"]
[SourceQuality "1"]

1. e4 c6 2. d4 d5 3. Nc3 dxe4 4. Nxe4 Bf5 5. Ng3 Bg6 6. Nh3 Nf6 7. Nf4 e5 8. Nxg6 hxg6 9. dxe5 Qa5+ 10. Bd2 Qxe5+ 11. Qe2 Nbd7 12. 0-0-0 0-0-0 13. Qc4 Qd5 14. Qa4 Nb8 15. Bc4 Qxg2 16. Qxa7 Rxh2 17. Bf4 Nfd7 18. Qa5 b6 19. Qa7 Ne5 20. Rxd8+ Kxd8 21. Qxb8+ Kd7 22. Rd1+ Ke7 23. Qd8# 1-0